00577nam a22001817a 450000500170000001000130001702000120003003500130004203700260005508200080008124501180008925000120020726000420021927000500026130000270031150000300033870000270036820190802103112.0 aB-728301 c1295.00 aB-728301 bAksharesh Enterprises a340 aSolved papers of judicial service examinations for preliminary examinations /cby Abhimanu Kumar Singla...[et al] a14th ed aDelhibSinghal Law Publicationsc2019 a157, Bhagat Colony, Sant NagarbDelhie110084 axvi, 1581p.c24cm(pbk) aAnswers with explanations aSingla,Abhimanu Kumar